[Event "Staatsliga-B-Mitte 2002/2003"]
[Site "ST. Veit"]
[Date "2003.01.19"]
[Round "7.4"]
[White "RANEGGER, Martin"]
[Black "DOHR, Alexander"]
[Result "0-1"]
[WhiteElo "2119"]
[BlackElo "2161"]
[PlyCount "64"]
[EventDate "2003.01.19"]

1. d4 f5 2. c4 Nf6 3. Nc3 g6 4. Bf4 Bg7 5. e3 d6 6. Nf3 a5 7. Be2 O-O 8. O-O
Nh5 9. Ne1 Nxf4 10. exf4 Nc6 11. d5 Nd4 12. Nf3 c5 13. dxc6 Nxe2+ 14. Qxe2 bxc6
15. Rfe1 Bf6 16. Rad1 Qb6 17. h4 Kg7 18. Rd3 a4 19. Re3 Ra7 20. h5 Re8 21. hxg6
hxg6 22. Rd1 Rh8 23. Nh2 Rh4 24. g3 Rh7 25. g4 e5 26. Rxd6 exf4 27. Nd5 Qc5 28.
Nxf6 fxe3 29. b4 axb3 30. Qb2 exf2+ 31. Kg2 Rxh2+ 32. Kxh2 Qxd6+ 0-1

[Event "Staatsliga-B-Mitte 2002/2003"]
[Site "ST. Veit"]
[Date "2003.01.19"]
[Round "7.5"]
[White "RIEDNER, Martin"]
[Black "HRASTNIK, Horst"]
[Result "1/2-1/2"]
[WhiteElo "2206"]
[BlackElo "2082"]
[PlyCount "20"]
[EventDate "2003.01.19"]

1. d4 Nf6 2. Nf3 g6 3. Bf4 Bg7 4. e3 d6 5. h3 O-O 6. c4 c5 7. Be2 cxd4 8. exd4
Qa5+ 9. Qd2 Qxd2+ 10. Nbxd2 Nc6 1/2-1/2

[Event "Staatsliga B 8.Runde"]
[Site "?"]
[Date "2003.02.08"]
[Round "8.1"]
[White "Mohr, Georg"]
[Black "Gyimesi, Zoltan"]
[Result "1/2-1/2"]
[WhiteElo "2488"]
[BlackElo "2596"]
[PlyCount "24"]
[EventDate "1996.??.??"]

1. Nf3 d5 2. d4 Nf6 3. c4 e6 4. cxd5 exd5 5. Nc3 c6 6. Bg5 h6 7. Bf4 Bf5 8. e3
Bd6 9. Bxd6 Qxd6 10. Bd3 Bxd3 11. Qxd3 O-O 12. O-O Nbd7 1/2-1/2

[Event "Staatsliga B 8.Runde"]
[Site "?"]
[Date "2003.02.08"]
[Round "8.1"]
[White "Pavasovic, Dusko"]
[Black "Fauland, Alexander"]
[Result "1-0"]
[WhiteElo "2581"]
[BlackElo "2427"]
[PlyCount "63"]
[EventDate "2003.??.??"]

1. e4 c5 2. c3 d6 3. d4 Nf6 4. Bd3 g6 5. dxc5 dxc5 6. e5 Nfd7 7. e6 fxe6 8. Nf3
Nc6 9. Qe2 Bg7 10. h4 Nde5 11. Be4 Qd6 12. Na3 Nxf3+ 13. gxf3 Bd7 14. Be3 b6
15. h5 gxh5 16. f4 Rc8 17. Nb5 Qb8 18. O-O-O Nd4 19. cxd4 cxd4+ 20. Kb1 dxe3
21. Qxh5+ Kf8 22. Rxd7 Qxf4 23. Qf3 Qxf3 24. Bxf3 exf2 25. Rf1 Bh6 26. Nc7 Be3
27. Bb7 Rb8 28. Rd3 Rxb7 29. Nxe6+ Kf7 30. Rxe3 Rd7 31. Rxf2+ Ke8 32. Rc3 1-0

[Event "Staatsliga B 8.Runde"]
[Site "?"]
[Date "2003.02.08"]
[Round "8.1"]
[White "Zaja, Ivan"]
[Black "Uhlmann, Wolfgang"]
[Result "1/2-1/2"]
[WhiteElo "2433"]
[BlackElo "2440"]
[PlyCount "49"]
[EventDate "2003.??.??"]

1. d4 Nf6 2. c4 g6 3. Nc3 Bg7 4. e4 O-O 5. Be3 d6 6. f3 c6 7. Qd2 a6 8. Bd3 b5
9. Nge2 Nbd7 10. O-O e5 11. cxb5 axb5 12. b4 Bb7 13. a4 bxa4 14. Rxa4 Rxa4 15.
Nxa4 d5 16. exd5 Nxd5 17. Bf2 Qa8 18. Nb2 Qa3 19. b5 exd4 20. bxc6 Bxc6 21.
Nxd4 Ne5 22. Nxc6 Nxc6 23. Be4 Qxb2 24. Qxb2 Bxb2 25. Bxd5 1/2-1/2

[Event "Staatsliga B 8.Runde"]
[Site "?"]
[Date "2003.02.08"]
[Round "8.1"]
[White "Ruck, Robert"]
[Black "Tompa, Janos"]
[Result "1-0"]
[WhiteElo "2572"]
[BlackElo "2409"]
[PlyCount "103"]
[EventDate "2003.??.??"]

1. Nf3 d5 2. d4 Nf6 3. c4 c6 4. Nc3 dxc4 5. a4 Bf5 6. Ne5 Nbd7 7. Nxc4 Nb6 8.
Ne5 a5 9. g3 e6 10. Bg2 Bb4 11. O-O O-O 12. e3 h6 13. Qe2 Bh7 14. Rd1 Qe7 15.
e4 Rfd8 16. Bf4 Nfd7 17. Nd3 Nf6 18. f3 Nfd7 19. Be3 Bxc3 20. bxc3 Nc4 21. Bf2
b5 22. Bf1 Rdb8 23. Nb2 Nxb2 24. Qxb2 bxa4 25. Qc2 a3 26. Qa4 f5 27. e5 f4 28.
c4 Rb2 29. Qxa3 Qxa3 30. Rxa3 a4 31. gxf4 Rb3 32. Rda1 Rxa3 33. Rxa3 Kf7 34. d5
cxd5 35. cxd5 Ra5 36. dxe6+ Kxe6 37. Bc4+ Ke7 38. Be1 Ra7 39. Bb4+ Kd8 40. e6
Nf6 41. Bc5 Ra8 42. Bb5 Bf5 43. Bc6 Rb8 44. e7+ Kc7 45. Bxa4 Ra8 46. Bd4 Ne8
47. Be5+ Kb6 48. Bb8 Rxb8 49. Rb3+ Kc7 50. Rxb8 Kxb8 51. Bxe8 Kc7 52. Bf7 1-0

[Event "Staatsliga B 8.Runde"]
[Site "?"]
[Date "2003.02.08"]
[Round "8.1"]
[White "Horvath, Jozsef"]
[Black "Zupe, Miran"]
[Result "1-0"]
[WhiteElo "2514"]
[BlackElo "2378"]
[PlyCount "75"]
[EventDate "2003.??.??"]

1. d4 Nf6 2. Nf3 b5 3. Bg5 h6 4. Bxf6 exf6 5. e3 a6 6. Nbd2 Be7 7. Bd3 O-O 8.
a4 b4 9. a5 Bb7 10. O-O d6 11. Nh4 Re8 12. c3 bxc3 13. bxc3 Ra7 14. Rb1 Bf8 15.
Qg4 Nc6 16. Rxb7 Rxb7 17. Qf5 g6 18. Qd5 Rb2 19. Bxg6 Re6 20. Bxf7+ Kxf7 21.
Qh5+ Ke7 22. Nc4 Rb5 23. Ng6+ Kd7 24. d5 Re5 25. dxc6+ Kxc6 26. Qf3+ Kd7 27.
Ncxe5+ dxe5 28. Rd1+ Bd6 29. Qh3+ Kc6 30. Qxh6 Rxa5 31. Qh7 Rb5 32. h4 Kb6 33.
g4 Rb2 34. Qf7 a5 35. h5 a4 36. h6 Qa8 37. Qxf6 a3 38. Nxe5 1-0

[Event "Staatsliga B 8.Runde"]
[Site "?"]
[Date "2003.02.08"]
[Round "8.2"]
[White "Rogulj, Branko"]
[Black "Buhmann, Rainer"]
[Result "1/2-1/2"]
[WhiteElo "2435"]
[BlackElo "2527"]
[PlyCount "73"]
[EventDate "2003.??.??"]

1. e4 e6 2. d4 d5 3. Nc3 Nf6 4. e5 Nfd7 5. f4 c5 6. Nf3 Nc6 7. Be3 cxd4 8. Nxd4
Bc5 9. Qd2 O-O 10. O-O-O a6 11. Kb1 Qc7 12. g3 Nxd4 13. Bxd4 b5 14. Ne2 a5 15.
Bxc5 Nxc5 16. Nd4 b4 17. Nb5 Qb6 18. Nd6 a4 19. Bg2 Ba6 20. Qe3 Rfb8 21. Rhe1
Qa5 22. Qd2 Qc7 23. Bf1 Bxf1 24. Rxf1 f5 25. Qd4 Ra6 26. g4 a3 27. gxf5 axb2
28. fxe6 Na4 29. Rf3 Nc3+ 30. Rxc3 bxc3 31. Qxd5 Ra5 32. Qc4 Rc5 33. Qa4 Ra5
34. Qc4 Rc5 35. Qa4 Ra5 36. Qc4 Rc5 37. Qa4 1/2-1/2

[Event "Staatsliga B 8.Runde"]
[Site "?"]
[Date "2003.02.08"]
[Round "8.2"]
[White "Farago, Ivan"]
[Black "Butunoi, Alexandru"]
[Result "1/2-1/2"]
[WhiteElo "2474"]
[BlackElo "2404"]
[PlyCount "79"]
[EventDate "2003.??.??"]

1. d4 d6 2. Nf3 Nf6 3. c4 g6 4. Nc3 Bg7 5. e4 O-O 6. Be2 Na6 7. O-O e5 8. Re1
c6 9. Bf1 exd4 10. Nxd4 Ng4 11. h3 Qb6 12. hxg4 Qxd4 13. Qf3 Qb6 14. Qg3 Be6
15. g5 Be5 16. Bf4 Bxf4 17. Qxf4 Qxb2 18. Qg3 Qa3 19. Re3 Qc5 20. e5 d5 21.
cxd5 cxd5 22. Bxa6 bxa6 23. Rd1 Rfd8 24. Red3 Qa5 25. Qf3 Rac8 26. Nxd5 Bxd5
27. Rxd5 Rxd5 28. Qxd5 Qxd5 29. Rxd5 Rc1+ 30. Kh2 Rc2 31. f4 Rxa2 32. Rd8+ Kg7
33. Rd7 Kg8 34. Rxa7 a5 35. Kh3 a4 36. Ra6 Kg7 37. e6 fxe6 38. Rxe6 Ra1 39.
Re7+ Kg8 40. Ra7 1/2-1/2

[Event "Staatsliga B 8.Runde"]
[Site "?"]
[Date "2003.02.08"]
[Round "8.2"]
[White "Heimberger, Reinhard"]
[Black "Horvath, Peter"]
[Result "0-1"]
[WhiteElo "2312"]
[BlackElo "2482"]
[PlyCount "126"]
[EventDate "2003.??.??"]

1. c4 e6 2. Nc3 d5 3. d4 Bb4 4. cxd5 exd5 5. Qc2 Ne7 6. e3 Bf5 7. Bd3 Bxd3 8.
Qxd3 O-O 9. Nf3 Nd7 10. O-O Nf6 11. a3 Bd6 12. Nb5 Nc8 13. b3 Re8 14. Nxd6 Nxd6
15. Ne5 Nd7 16. Bb2 Re6 17. Rac1 c6 18. Rc2 Qe7 19. Re1 Re8 20. Rce2 Nf8 21.
Rf1 Qh4 22. Bc1 Rh6 23. h3 Ne4 24. Rc2 f6 25. Nf3 Qh5 26. Nh2 Rg6 27. f3 Ng3
28. Rff2 f5 29. Nf1 Nxf1 30. Kxf1 Rge6 31. Kg1 Ng6 32. Kh2 Nh4 33. g4 fxg4 34.
fxg4 Qh6 35. Rf4 Ng6 36. Rf3 Re4 37. Rcf2 Qh4 38. Rg3 Qe7 39. Qf1 h6 40. Rgf3
Qc7+ 41. Kh1 R4e7 42. Qd3 Nf8 43. Bd2 Nh7 44. Kg2 Ng5 45. Rf5 Re6 46. Bb4 Ne4
47. R2f3 a5 48. Be1 Qe7 49. Bxa5 Qxa3 50. Be1 Qb2+ 51. Kh1 Ng5 52. Rf1 Rxe3 53.
Rf8+ Rxf8 54. Rxf8+ Kxf8 55. Qxe3 Qb1 56. Kg2 Qe4+ 57. Qxe4 Nxe4 58. Kf3 Kf7
59. h4 Ke6 60. Bb4 Nd6 61. Kf4 Nb5 62. Bc5 Kf6 63. Bb6 Nd6 0-1

[Event "Staatsliga B 8.Runde"]
[Site "?"]
[Date "2003.02.08"]
[Round "8.3"]
[White "Aschenbrenner, Robert"]
[Black "Rolletschek, Heinrich"]
[Result "0-1"]
[WhiteElo "2230"]
[BlackElo "2261"]
[PlyCount "104"]
[EventDate "2003.??.??"]

1. e4 e5 2. Bc4 Nf6 3. d3 Bc5 4. Nc3 d6 5. Bg5 h6 6. Bh4 c6 7. Nf3 Qe7 8. Bb3
Na6 9. Qd2 Bg4 10. Bg3 Bb4 11. a3 Bxc3 12. Qxc3 Bxf3 13. gxf3 g5 14. d4 Nd7 15.
O-O-O f6 16. h4 O-O-O 17. Qa5 Kb8 18. Rd3 Nb6 19. Rhd1 Nc7 20. Qd2 Nc8 21. Qa5
b6 22. Qc3 Kb7 23. dxe5 dxe5 24. Qd2 Rxd3 25. Qxd3 Rh7 26. Qd8 Nb5 27. Qxe7+
Rxe7 28. c3 Kc7 29. hxg5 hxg5 30. Rh1 Nbd6 31. Rh8 Ne8 32. Rf8 Ncd6 33. Kd2 Kd7
34. Rh8 Nb7 35. Ke2 Nc5 36. Ba2 Rg7 37. b4 Nb7 38. Bb3 Ke7 39. Bh2 Nd8 40. Bg3
Nf7 41. Rh1 Nc7 42. a4 Ne6 43. Ra1 Nd6 44. Rc1 Rh7 45. Ke3 Rh8 46. Ra1 a5 47.
Rd1 axb4 48. cxb4 c5 49. bxc5 Nxc5 50. Bd5 Nxa4 51. Ra1 b5 52. Bb3 Rc8 0-1

[Event "Staatsliga B 8.Runde"]
[Site "?"]
[Date "2003.02.08"]
[Round "8.3"]
[White "Dohr, Alexander"]
[Black "Feher, Gyula"]
[Result "1/2-1/2"]
[WhiteElo "2161"]
[BlackElo "2427"]
[PlyCount "100"]
[EventDate "2003.??.??"]

1. e4 c5 2. Nc3 Nc6 3. g3 g6 4. Bg2 Bg7 5. Nd5 e6 6. Ne3 Nge7 7. Ne2 d5 8. d3
dxe4 9. dxe4 Qxd1+ 10. Nxd1 b6 11. h4 Ba6 12. Ne3 h5 13. f4 Nd4 14. Bf1 Bb7 15.
Nxd4 cxd4 16. Nc4 O-O 17. Bd3 Rfd8 18. O-O Rac8 19. b3 b5 20. Na5 Ba8 21. a4 a6
22. axb5 axb5 23. Ra2 Rc7 24. Bd2 f5 25. exf5 Nxf5 26. Re1 Bd5 27. Bxb5 Nxg3
28. Bd3 Nf5 29. Nc4 Nxh4 30. Ba5 Ra8 31. Kf2 Rf7 32. Kg3 Nf5+ 33. Kh3 Rfa7 34.
Rea1 Rf8 35. Bb4 Rxa2 36. Rxa2 Rb8 37. Bc5 Rb7 38. Ra8+ Kh7 39. Ra5 Kh6 40. b4
g5 41. fxg5+ Kxg5 42. Bxf5 Bxc4 43. Be4 Rb5 44. Bd6 Rxa5 45. bxa5 Ba6 46. Kg3
e5 47. Be7+ Bf6 48. Bxf6+ Kxf6 49. Kh4 Be2 50. Bb7 d3 1/2-1/2

[Event "Staatsliga B 8.Runde"]
[Site "?"]
[Date "2003.02.08"]
[Round "8.3"]
[White "Titz, Heimo"]
[Black "Hermann, Johann"]
[Result "0-1"]
[WhiteElo "2325"]
[BlackElo "2182"]
[PlyCount "62"]
[EventDate "2003.??.??"]

1. d4 b6 2. c4 Bb7 3. Nc3 Nf6 4. Bg5 h6 5. Bxf6 exf6 6. Nf3 Bb4 7. Qc2 Qe7 8.
e3 Be4 9. Bd3 Bxd3 10. Qxd3 Nc6 11. O-O Bxc3 12. Qxc3 O-O 13. a3 Rfe8 14. Rac1
f5 15. c5 Qf6 16. cxb6 cxb6 17. Qd3 Re4 18. Rfd1 d5 19. Rc3 f4 20. Rdc1 Ne7 21.
Nd2 Re6 22. exf4 Qxf4 23. Nf1 Re4 24. g3 Qf6 25. Rd1 Nc6 26. Qb5 Nxd4 27. Qxd5
Rae8 28. Rcd3 Nf3+ 29. Kh1 Ne1 30. Re3 Qxf2 31. Rdxe1 Rxe3 0-1

[Event "Staatsliga B 8.Runde"]
[Site "?"]
[Date "2003.02.08"]
[Round "8.3"]
[White "Schein, Heinz"]
[Black "Sandhöfner, Florian"]
[Result "1/2-1/2"]
[WhiteElo "2232"]
[BlackElo "2259"]
[PlyCount "27"]
[EventDate "2003.??.??"]

1. d4 d5 2. Nf3 Nf6 3. e3 Bf5 4. Be2 e6 5. O-O Be7 6. Nbd2 h6 7. b3 O-O 8. Bb2
c5 9. dxc5 Bxc5 10. Nd4 Bh7 11. c4 e5 12. Nb5 a6 13. Nc3 Nc6 14. cxd5 1/2-1/2

[Event "Staatsliga B 8.Runde"]
[Site "?"]
[Date "2003.02.08"]
[Round "8.3"]
[White "Supancic, Darko"]
[Black "Stanec, Nikolaus"]
[Result "1/2-1/2"]
[WhiteElo "2381"]
[BlackElo "2523"]
[PlyCount "31"]
[EventDate "2003.??.??"]

1. e4 c5 2. Nf3 e6 3. d3 Nc6 4. Nbd2 d6 5. g3 g6 6. Bg2 Bg7 7. O-O Nge7 8. Re1
O-O 9. h3 b6 10. Nf1 Bb7 11. N1h2 Ne5 12. Nxe5 dxe5 13. h4 Qc7 14. h5 c4 15.
hxg6 hxg6 16. dxc4 1/2-1/2

[Event "Staatsliga B 8.Runde"]
[Site "?"]
[Date "2003.02.08"]
[Round "8.4"]
[White "Deutschmann, Robert"]
[Black "Petschar, Kurt"]
[Result "1-0"]
[WhiteElo "2014"]
[BlackElo "2291"]
[PlyCount "75"]
[EventDate "2003.??.??"]

1. d4 Nf6 2. Nf3 e6 3. c4 Bb4+ 4. Bd2 c5 5. g3 b6 6. Bg2 Bb7 7. O-O O-O 8. e3
Bxd2 9. Nbxd2 cxd4 10. Nxd4 Bxg2 11. Kxg2 Nc6 12. N2f3 Nxd4 13. Qxd4 d5 14.
Rac1 Rc8 15. Rfd1 Qe7 16. cxd5 Nxd5 17. Ne5 Qb7 18. e4 Nf6 19. Rxc8 Qxc8 20.
Nd7 Nxd7 21. Qxd7 Qc2 22. Qd4 h6 23. Rd2 Qc6 24. f3 Rc8 25. Kg1 Qb5 26. Kg2 Rc1
27. Rf2 Qc6 28. Qd2 a5 29. Rf1 Rc4 30. Qd3 b5 31. Qd8+ Kh7 32. Qxa5 Rc1 33.
Rxc1 Qxc1 34. Qxb5 Qd2+ 35. Kg1 Qe3+ 36. Kg2 Qd2+ 37. Kh3 Qf2 38. Qd7 {
rest unleserlich} 1-0

[Event "Staatsliga B 8.Runde"]
[Site "?"]
[Date "2003.02.08"]
[Round "8.4"]
[White "Bawart, Markus"]
[Black "Eichert, Wolfgang"]
[Result "1-0"]
[WhiteElo "2337"]
[BlackElo "2197"]
[PlyCount "67"]
[EventDate "2003.??.??"]

1. Nf3 Nf6 2. g3 g6 3. Bg2 Bg7 4. O-O O-O 5. d4 d6 6. Nbd2 Nbd7 7. e4 e5 8. c3
Re8 9. Qc2 Rb8 10. a4 b6 11. d5 a6 12. Re1 b5 13. Nb3 Nb6 14. Na5 Bd7 15. axb5
axb5 16. Bf1 Nh5 17. Nc6 Bxc6 18. dxc6 Nc8 19. Qb3 Ne7 20. Bxb5 Rf8 21. Qa4 f5
22. Ng5 f4 23. Bc4+ Kh8 24. Ne6 Qc8 25. Qa6 fxg3 26. hxg3 Qxa6 27. Rxa6 Rfc8
28. b4 Nf6 29. b5 d5 30. exd5 Nfxd5 31. Nxg7 Kxg7 32. Rxe5 Kf6 33. f4 Rd8 34.
Ba3 1-0

[Event "Staatsliga B 8.Runde"]
[Site "?"]
[Date "2003.02.08"]
[Round "8.4"]
[White "Nemeth, Zoltan"]
[Black "Riedner, Martin"]
[Result "1-0"]
[WhiteElo "2341"]
[BlackElo "2206"]
[PlyCount "63"]
[EventDate "2003.??.??"]

1. Nf3 f5 2. g3 Nf6 3. Bg2 d6 4. d4 g6 5. b3 Bg7 6. Bb2 O-O 7. Nbd2 Qe8 8. O-O
c6 9. a4 Na6 10. Nc4 b6 11. Ne1 Bd7 12. Nd3 g5 13. f3 Qg6 14. Qd2 Rae8 15. Rae1
Nh5 16. e4 f4 17. g4 Nf6 18. h4 h5 19. hxg5 Qxg5 20. Qxf4 Qxf4 21. Nxf4 hxg4
22. Ng6 gxf3 23. Nxf8 fxg2 24. Rxf6 Rxf8 25. Rxf8+ Kxf8 26. Kxg2 Be8 27. Rf1+
Kg8 28. Kf3 Bh5+ 29. Ke3 Bh6+ 30. Kf2 Bg6 31. Rh1 Bg7 32. Ke3 {rest unleserlich
} 1-0

[Event "Staatsliga B 8.Runde"]
[Site "?"]
[Date "2003.02.08"]
[Round "8.4"]
[White "Woeber, Friedrich"]
[Black "Demuth, Markus"]
[Result "1/2-1/2"]
[WhiteElo "2176"]
[BlackElo "2228"]
[PlyCount "53"]
[EventDate "2003.??.??"]

1. e4 e6 2. d4 d5 3. e5 c5 4. c3 Nc6 5. Be3 Qb6 6. Qd2 f6 7. f4 Nh6 8. Nf3 Nf5
9. Bf2 fxe5 10. fxe5 Be7 11. Bd3 O-O 12. O-O Bd7 13. Na3 Be8 14. dxc5 Bxc5 15.
Rae1 Bg6 16. Bxc5 Qxc5+ 17. Kh1 Qe7 18. Nb5 Bh5 19. Ng5 Bg4 20. Qf4 h5 21. Qd2
Nh6 22. Nd4 Rxf1+ 23. Bxf1 Rf8 24. Bd3 Nxd4 25. cxd4 Bf5 26. Bxf5 Rxf5 27. Nf3
1/2-1/2

[Event "Staatsliga B 8.Runde"]
[Site "?"]
[Date "2003.02.08"]
[Round "8.4"]
[White "Weiss, Christisan"]
[Black "Krebs, Johann"]
[Result "1/2-1/2"]
[WhiteElo "2422"]
[BlackElo "2280"]
[PlyCount "94"]
[EventDate "2003.??.??"]

1. d4 Nf6 2. g3 g6 3. Bg2 Bg7 4. e4 d6 5. Ne2 O-O 6. Nbc3 e5 7. h3 Nc6 8. Be3
exd4 9. Nxd4 Re8 10. O-O Nd7 11. f4 f5 12. Bf2 fxe4 13. Nxe4 Nxd4 14. Bxd4 Nf6
15. Ng5 c6 16. c4 h6 17. Nf3 Ne4 18. Kh2 Bxd4 19. Nxd4 Bd7 20. Qd3 d5 21. cxd5
cxd5 22. f5 Qb6 23. fxg6 Qxg6 24. Ne2 Bc6 25. Nf4 Qg5 26. b4 a6 27. a4 Rad8 28.
Ra3 d4 29. Qc4+ Kh8 30. h4 Nd2 31. Qxc6 Nxf1+ 32. Bxf1 bxc6 33. hxg5 hxg5 34.
Ng2 Ra8 35. Rd3 Re4 36. Rb3 a5 37. b5 Rb8 38. Rb1 d3 39. Bxd3 Rxa4 40. b6 Rb4
41. Rc1 R8xb6 42. Rc5 Rd4 43. Bc2 a4 44. Ra5 Rbb4 45. Kh3 g4+ 46. Kh4 Rd2 47.
Rxa4 Rxa4 1/2-1/2

[Event "Staatsliga B 8.Runde"]
[Site "?"]
[Date "2003.02.08"]
[Round "8.5"]
[White "Jetzl, Jörg"]
[Black "Kranzl, Peter"]
[Result "0-1"]
[WhiteElo "2228"]
[BlackElo "2247"]
[PlyCount "99"]
[EventDate "2003.??.??"]

1. d4 Nf6 2. Nf3 g6 3. c4 c5 4. e3 Bg7 5. Nc3 O-O 6. Be2 d6 7. O-O cxd4 8. exd4
a6 9. h3 e6 10. Bf4 b6 11. Qb3 Nc6 12. Rfd1 h6 13. Bh2 Ra7 14. Qa3 d5 15. Ne5
Bb7 16. Bf3 Qa8 17. cxd5 Nxe5 18. dxe5 Nxd5 19. Nxd5 Bxd5 20. Bxd5 exd5 21. Qd3
Rd7 22. Re1 Re8 23. e6 Rxe6 24. Rxe6 fxe6 25. Qxg6 Re7 26. Bd6 Qe8 27. Qg3 Rd7
28. Re1 b5 29. Bf4 Kh7 30. Qg4 h5 31. Qxe6 Qxe6 32. Rxe6 Bxb2 33. Rh6+ Kg8 34.
Kf1 Re7 35. Rxh5 Bc3 36. g4 Re1+ 37. Kg2 Ra1 38. Rxd5 Rxa2 39. Be5 Bxe5 40.
Rxe5 b4 41. Re8+ Kg7 42. h4 Ra5 43. f4 b3 44. Re7+ Kf6 45. Re1 b2 46. Rb1 Rb5
47. h5 a5 48. g5+ Kg7 49. f5 a4 50. h6+ 0-1

[Event "Staatsliga B 8.Runde"]
[Site "?"]
[Date "2003.02.08"]
[Round "8.5"]
[White "Pesorda, Ivan"]
[Black "Knoll, Hermann"]
[Result "1-0"]
[WhiteElo "2255"]
[BlackElo "2365"]
[PlyCount "79"]
[EventDate "2003.??.??"]

1. d4 d5 2. c4 e6 3. Nc3 Nf6 4. cxd5 exd5 5. Bg5 Be7 6. e3 c6 7. Bd3 Ne4 8.
Bxe7 Qxe7 9. Qc2 f5 10. Nxd5 Qd6 11. Bxe4 O-O 12. Qc5 Qxc5 13. dxc5 fxe4 14.
Nc7 Nd7 15. Nxa8 Nxc5 16. f3 Bf5 17. fxe4 Bxe4 18. Nf3 Rxa8 19. O-O Re8 20.
Rad1 Bd5 21. b3 h6 22. Rfe1 Rf8 23. Nd2 Bf7 24. h3 Nd3 25. Rf1 Re8 26. Rxf7
Kxf7 27. Nc4 Nb4 28. Nd6+ Ke7 29. Nxe8 Kxe8 30. Rd2 Ke7 31. e4 Na6 32. Kf2 Nc7
33. Ke3 Ne6 34. e5 g6 35. Rd6 Nf8 36. Ke4 Ne6 37. Ke3 Nf8 38. Rf6 h5 39. h4 Ke8
40. e6 1-0

[Event "Staatsliga B 8.Runde"]
[Site "?"]
[Date "2003.02.08"]
[Round "8.5"]
[White "Mitter, Gerd"]
[Black "Winiwarter, Felix"]
[Result "1/2-1/2"]
[WhiteElo "2187"]
[BlackElo "2191"]
[PlyCount "70"]
[EventDate "2003.??.??"]

1. Nf3 f5 2. g3 Nf6 3. Bg2 d6 4. d4 g6 5. O-O Bg7 6. c4 O-O 7. Nc3 Nc6 8. Qc2
e5 9. dxe5 Nxe5 10. Nxe5 dxe5 11. b3 c6 12. Ba3 Re8 13. Rad1 Qa5 14. Bd6 e4 15.
b4 Qa6 16. b5 Qa5 17. bxc6 bxc6 18. Na4 Be6 19. Nc5 Bf7 20. Rb1 Rac8 21. e3 Ng4
22. Rfd1 Ne5 23. Nb7 Qa6 24. Bxe5 Bxe5 25. Bf1 Rb8 26. Nc5 Qa5 27. Nd7 Rxb1 28.
Rxb1 Bg7 29. Rb8 Qc7 30. Rxe8+ Bxe8 31. Nc5 Bf7 32. Qb3 Bf8 33. Na4 Qa5 34. Nc3
Bb4 35. Ne2 Bf8 1/2-1/2

[Event "Staatsliga B 8.Runde"]
[Site "?"]
[Date "2003.02.08"]
[Round "8.5"]
[White "Kaspret, Guido"]
[Black "Arwanitakis, Michael"]
[Result "0-1"]
[WhiteElo "2278"]
[BlackElo "2190"]
[PlyCount "82"]
[EventDate "2003.??.??"]

1. d4 Nf6 2. c4 g6 3. Nc3 Bg7 4. e4 d6 5. Nf3 O-O 6. Be2 e5 7. O-O Na6 8. Be3
c6 9. d5 Ng4 10. Bg5 f6 11. Bc1 c5 12. a3 Nh6 13. Rb1 Bd7 14. b4 Nf7 15. Ne1
Rc8 16. Nb5 Qb6 17. Nc3 Qd8 18. Be3 Bh6 19. Bxh6 Nxh6 20. Qd2 Nf7 21. b5 Nb8
22. Nd3 f5 23. f4 fxe4 24. Nxe4 Bf5 25. fxe5 Bxe4 26. e6 Bxd3 27. exf7+ Rxf7
28. Qxd3 Rxf1+ 29. Rxf1 Nd7 30. Bg4 Ne5 31. Be6+ Kg7 32. Qe4 Rb8 33. h4 Qe7 34.
Bg4 Rf8 35. Be2 Rxf1+ 36. Bxf1 Nc6 37. Qg4 Qe3+ 38. Kh2 Ne5 39. Qe6 Qf4+ 40.
Kg1 Ng4 41. Qe7+ Kh6 0-1

[Event "Staatsliga B 8.Runde"]
[Site "?"]
[Date "2003.02.08"]
[Round "8.5"]
[White "Genser, Harald"]
[Black "Ranegger, Martin"]
[Result "1-0"]
[WhiteElo "2268"]
[BlackElo "2119"]
[PlyCount "85"]
[EventDate "2003.??.??"]

1. d4 Nf6 2. c4 c5 3. d5 b5 4. cxb5 a6 5. bxa6 Bxa6 6. Nc3 d6 7. g3 g6 8. Bg2
Bg7 9. Nf3 Nbd7 10. Rb1 Nb6 11. b3 O-O 12. O-O Qc7 13. Bb2 Rfb8 14. Re1 Nbd7
15. Ba1 Ra7 16. Qc2 Ng4 17. h3 Nge5 18. Nd2 Nf8 19. Kh2 Rab7 20. f4 Ned7 21. e4
c4 22. bxc4 Bxc4 23. Rxb7 Rxb7 24. Rb1 Rxb1 25. Ncxb1 Bxa1 26. Qxc4 Qa5 27. Qc2
Nc5 28. Nb3 Nxb3 29. axb3 Qe1 30. Nd2 Qf2 31. Qd3 Nd7 32. b4 g5 33. Nb3 Bg7 34.
Qf3 Qb6 35. Na5 gxf4 36. gxf4 Qxb4 37. Nc6 Qc3 38. Nxe7+ Kf8 39. Nf5 Qc7 40.
Qa3 Nb6 41. Qxd6+ Qxd6 42. Nxd6 Nd7 43. Nf5 1-0

[Event "Staatsliga B 8.Runde"]
[Site "?"]
[Date "2003.02.08"]
[Round "8.5"]
[White "Sandner, Wolfgang"]
[Black "Stadler, Peter"]
[Result "1/2-1/2"]
[WhiteElo "2220"]
[BlackElo "2187"]
[PlyCount "55"]
[EventDate "2003.??.??"]

1. e4 c5 2. Nf3 Nf6 3. d3 d6 4. g3 Nc6 5. Bg2 g6 6. O-O Bg7 7. c3 O-O 8. h3 h6
9. Nh4 e5 10. Na3 Be6 11. Be3 Qd7 12. Kh2 Rad8 13. f4 exf4 14. gxf4 Qe7 15. Qe1
Bc8 16. Qf2 Nh5 17. Bf3 Nxf4 18. Bxf4 g5 19. Bg3 gxh4 20. Bxh4 Bf6 21. Bg3 Kh7
22. Bh5 Be5 23. Qg2 Be6 24. Nc4 Bxg3+ 25. Qxg3 Bxc4 26. dxc4 Ne5 27. Qf4 Qg5
28. Qxg5 1/2-1/2

[Event "Staatsliga B 8.Runde"]
[Site "?"]
[Date "2003.02.08"]
[Round "8.6"]
[White "Hatzl, Stefan"]
[Black "Sommer, Sonja"]
[Result "1-0"]
[WhiteElo "2147"]
[BlackElo "2081"]
[PlyCount "81"]
[EventDate "2003.??.??"]

1. e4 e5 2. Nf3 Nc6 3. Bb5 a6 4. Ba4 Nf6 5. O-O Be7 6. Re1 b5 7. Bb3 d6 8. c3
O-O 9. h3 Na5 10. Bc2 c5 11. d3 Nc6 12. a3 a5 13. Nbd2 Re8 14. b3 Bd7 15. d4 b4
16. dxe5 dxe5 17. Bb2 Bf8 18. Nc4 Qc7 19. axb4 cxb4 20. Qe2 bxc3 21. Bxc3 Bb4
22. Qe3 h6 23. Red1 Bxc3 24. Qxc3 Nb4 25. Qb2 Be6 26. Nfd2 Nd7 27. Rac1 Qb8 28.
Bb1 f6 29. Ne3 Rc8 30. Rxc8+ Qxc8 31. Ndc4 Ra6 32. Nd5 Qb7 33. Qd2 Nc6 34. Bd3
Nc5 35. Nd6 Qxb3 36. Bxa6 Nxa6 37. Rc1 Nd4 38. Rc3 Qb8 39. Nf5 Qb1+ 40. Kh2
Qxe4 41. Nxf6+ 1-0

[Event "Staatsliga B 8.Runde"]
[Site "?"]
[Date "2003.02.08"]
[Round "8.6"]
[White "Enzendorfer, Alfred"]
[Black "Spirki, Stefan"]
[Result "1/2-1/2"]
[WhiteElo "2157"]
[BlackElo "2134"]
[PlyCount "81"]
[EventDate "2003.??.??"]

1. d4 Nf6 2. Nf3 c5 3. c4 e6 4. Nc3 cxd4 5. Nxd4 Nc6 6. e3 Bb4 7. Bd2 O-O 8.
Qb3 Qb6 9. Nc2 Bxc3 10. Bxc3 Qc7 11. Be2 Ne4 12. O-O Nxc3 13. Qxc3 b6 14. Rfd1
Bb7 15. Bf3 Rac8 16. b3 d5 17. cxd5 Ne5 18. Qxc7 Nxf3+ 19. gxf3 Rxc7 20. Rac1
exd5 21. Nd4 Rxc1 22. Rxc1 Rc8 23. Rxc8+ Bxc8 24. Kf1 Kf8 25. Ke2 Bd7 26. f4
Ke7 27. Kd3 Kd6 28. b4 a6 29. a3 h6 30. Kc3 g6 31. Nf3 f6 32. Kd4 g5 33. fxg5
hxg5 34. h4 Bg4 35. Nh2 Be2 36. hxg5 fxg5 37. e4 dxe4 38. Kxe4 Kc6 39. f3 a5
40. bxa5 bxa5 41. Ng4 1/2-1/2

[Event "Staatsliga B 8.Runde"]
[Site "?"]
[Date "2003.02.08"]
[Round "8.6"]
[White "Kratschmer, Heinz"]
[Black "Nickl, Klaus"]
[Result "1/2-1/2"]
[WhiteElo "2096"]
[BlackElo "2203"]
[PlyCount "22"]
[EventDate "2003.??.??"]

1. d4 Nf6 2. Nf3 g6 3. Nc3 Bg7 4. e4 d6 5. Be2 c6 6. O-O O-O 7. Re1 Bg4 8. Bg5
Bxf3 9. Bxf3 e5 10. dxe5 dxe5 11. Qxd8 Rxd8 1/2-1/2

[Event "Staatsliga B 8.Runde"]
[Site "?"]
[Date "2003.02.08"]
[Round "8.6"]
[White "Petroczi, Thomas"]
[Black "Brunnsteiner, Mario"]
[Result "1/2-1/2"]
[WhiteElo "2131"]
[BlackElo "2168"]
[PlyCount "35"]
[EventDate "2003.??.??"]

1. e4 c5 2. Nf3 e6 3. d4 cxd4 4. Nxd4 Qb6 5. Nb3 Qc7 6. Bd3 Nf6 7. O-O d6 8.
Nc3 a6 9. a4 b6 10. Qe2 Nbd7 11. Bf4 Bb7 12. Rad1 Ne5 13. Bg3 Be7 14. f4 Nxd3
15. cxd3 Rc8 16. Rc1 Qb8 17. Nd2 O-O 18. Nc4 1/2-1/2